Why procrastinate? : A teenager's guide to overcoming procrastination

Bibliographic Details
Main Author: Teo Aik Cher
Format: Book
Published: Singapore : ARMOUR Publishing , 2012
Subjects:

MARC

LEADER 00000cam a2200000 7i4500
001 0000052043
005 20160112.0
008 150915
020 |a 8175352797 
020 |a 9788175352797 
090 0 0 |a 158.1   |b TEO 
100 0 |a Teo Aik Cher 
245 1 0 |a Why procrastinate? :   |b A teenager's guide to overcoming procrastination   |c Teo Aik Cher 
260 |a Singapore :   |b ARMOUR Publishing ,   |c 2012 
300 |a 113pg. 
650 0 |a Procrastination 
999 |a 0001270730   |b Book   |c Adult Collection   |e Cawangan Muar 
999 |a 0001270731   |b Book   |c Adult Collection   |e Cawangan Bandar Tenggara 
999 |a 0001270732   |b Book   |c Adult Collection   |e Cawangan Tangkak 
999 |a 0001270737   |b Book   |c Adult Collection   |e Cawangan Kota Tinggi 
999 |a 0001280372   |b Book   |c Adult Collection   |e Cawangan Tmn. Ungku Tun Aminah